00363nam a2200121Ia 4500008004100000020002200041041000800063082002700071100001800098245007600116260004000192300000900232230411s9999 xx 000 0 und d a978-81-261-4219-4 aeng aF/610.730 1/KAP/B06464 aKapoor Poonam aTheory and Practice of Nursing : Integrated approach to caring practice bAnmol PublicationsaNew Delhic2010 a316p